000 00841nam a2200265 i 4500
001 000001967
003 DO-SdBNP
005 20241122104625.0
007 ta
008 090630s1979 dr c r 000 0 spa d
040 _aDO-SdBNP
_bspa
_cBNPHU
_erda
082 _a320.97293
_bM516j
_222
100 1 _a Mejía-Ricart G., Marcio,
_d1933-
_eautor
_q(Mejía-Ricart Guzmán), |
_98411
245 1 3 _aLa jornada del 78 /
_cMarcio Mejía Ricart.
264 _aSanto Domingo :
_bPartido Revolucionario Dominicano,
_c1979.
300 _a352 páginas :
_bretratos. ;
_c22 cm.
336 _ardacontent
_btexto
_2txt
337 _ardamedia
_bsin mediación
_2n
338 _ardacarrier
_bvolumen
_2nc
500 _aEste libro es una edición preliminar
500 _aIncluye índice
590 _aInventariado, 2024/DG
910 _aDG
942 _2ddc
_cLBS1
999 _c1833
_d1833